Представление документа в формате RUSMARC

ПолеНазваниеЗначение
  Тип записи c
  Библиографический уровень m
001 Контрольный номер RU/IS/BASE/619019280
005 Дата корректировки 20250520122600.3
010 Индекс ISBN __
9 Тираж 50000 экз.
013 Номер (ISMN) __
d Цена 1 р.
071 Издательские номер (звукозапись и ноты) 21
a Номер, присвоенный агентством 13704
100 Данные общей обработки __
a Данные общей обработки 20190813d1987 u y0rusy0189||||ca
101 Язык документа 0_
a Язык текста rus
f Язык титульного листа rus
102 Страна публикации __
a Страна публикации RU
105 Кодированные данные (монография) __
a Кодированные данные (монография) y###||||000|y
125 Кодированные данные звукозаписи и нотных изданий __
a Форма изложения нотного текста z|
128 Кодированные данные (звукозаписи-физические характеристики) __
a Кодированные данные: Музыкальная форма и тональность или лад ccn
b Инструменты или голоса, необходимые для ансамблей (устаревшее) cu||
c Инструменты или голоса, рекомендуемые для солистов (устаревшее) vu||
200 Заглавие и сведения об ответственности 1_
a Заглавие Наша биография
b Общее обозначение материала Ноты
e Сведения, относящиеся к заглавию рус. революц. песни и песни гражданской войны. Песни первых пятилеток
e Сведения, относящиеся к заглавию песенник
e Сведения, относящиеся к заглавию [для пения (соло, ансамбль, хор) с букв.-цифр. обозначением сопровожд.]
f Первые сведения об ответственности сост. Ю. Преображенский
210 Выходные данные 1_
a Место издания Москва
c Издательство Музыка
d Дата издания 1987
215 Физическое описание __
a Объем 127 с.
d Формат 21 см
512 Заглавие обложки 1_
a Заглавие обложки Наша биография
517 Другие варианты заглавия 1_
a Другие варианты заглавия Русские революционные песни и песни гражданской войны. Песни первых пятилеток
606 Тематические рубрики 0_
a Основная рубрика Песни советских композиторов
x Основная подрубрика Песенники
x Основная подрубрика Русские революционные песни
x Основная подрубрика Песни гражданской войны
x Основная подрубрика Песни первых пятилеток
610 Ключевые слова 0_
a Ключевые слова песни советских композиторов
610 Ключевые слова 0_
a Ключевые слова песенники
610 Ключевые слова 0_
a Ключевые слова русские революционные песни
610 Ключевые слова 0_
a Ключевые слова песни гражданской войны
610 Ключевые слова 0_
a Ключевые слова песни первых пятилеток
686 Индексы других классификаций __
a Классификационный индекс 85.94-99-041(2)я438
2 Код системы rubbk
702 Вторичная интеллектуальная ответственность _1
a Фамилия Преображенский
b Имя (инициалы) Ю. Я.
4 Код отношения 220
801 Источник записи _0
a Страна RU
b Организация Ульяновская ОНБ
c Дата составления 20190813
g Правила каталогизации RCR
801 Источник записи _1
a Страна RU
b Организация Ульяновская ОНБ
c Дата составления 20190813
g Правила каталогизации RCR
901 Тип документа __
t Тип документа m
909 Создатель записи __
a Создатель записи Грязнова И. Е.
938 Служебная информация __
a Имя БД noti
b Имя библиотеки УОНБ
c Имя АИБС МАРК-SQL
d Номер DOC_ID в БД 21013